Statystyki dla Quiz o F1 sezon 2019

Kliknij tutaj aby rozwiązać quiz!

Ogólne statystyki

  • Ten quiz został rozwiązany 132 razy
  • Średni wynik to 11 z 15

Statystyki odpowiedzi

PytanieOdpowiedż% Poprawnych
Ilu debiutantów zobaczyliśmy w tym sezonie ?3
100%
Jaka firma została dostawcą silników dla zespołu Red Bull ?Honda
98%
Ilu kierowców wygrało wyścig w całym sezonie ?5
96%
Do jakiego zespołu przeszedł Daniel Ricciardo ?Renault
93%
Który team wykonał najszybszy pit stop w historii ?Red Bull
90%
Kto został dostawcą silników dla zespołu Mclaren ?Renault
83%
Jaka firma została sponsorem tytularnym zespołu Williams Racing ?Rokit
73%
Kto wygrał kwalifikacje przed GP Kanady ?Vettel
71%
Kto najwięcej razy wybierany był na najlepszego kierowcę wyścigu?Verstappen
69%
Jaki kierowca został ogłoszony kierowcą rezerwowym w Williamsie ?Latifi
67%
Po Mercedesie, Ferrari i Red Bullu który zespół wywalczył najwięcej podiów ?Toro Rosso
54%
Kto stanął na najniższym stopniu podium w GP Niemiec ?Kvyat
51%
Kierowcy którego zespołu zostali zdyskwalifikowani w GP Japonii ?Renault
50%
Który kierowca najwięcej razy nie dojeżdżał do mety ?Grosjean
47%
Który kierowca zdobył najszybsze okrążenie w GP Chin?Gasly
45%

Rozkład punktacji

Percentyl według liczby udzielonych odpowiedzi

Procent ludzi z każdym wynikiem

Twoja historia wyników

Nie rozwiązałeś tego quizu